000 00344nam a2200157Ia 4500
001 10154
003 IN-NITTTR
005 20251114233054.0
008 251113s9999||||xx |||||||||||||| ||eng||
040 _beng
040 _cIN-NITTTR
041 _aeng
082 _a621.322 L989D R
245 0 _aDevelopments in lighting-1 /
942 _2ddc
_cBK
999 _c12791
_d12791